Where Did These 2025-2026 Players Play Before Joining AC Milan - Statistics

General Stats
  • This quiz has been taken 37 times
  • The average score is 30 of 36
Answer Stats
Player Nationality Position Year Joined Answer % Correct
Fikayo Tomori England DF 2021 Chelsea
100%
Ruben Loftus-Cheek England MF 2023 Chelsea
100%
Christian Pulisic USA FW 2023 Chelsea
100%
Christopher Nkunku France FW 2025 Chelsea
100%
Adrien Rabiot France MF 2025 Marseille
100%
Luka Modrić Croatia MF 2025 Real Madrid
100%
Matteo Gabbia Italy DF 2017 AC Milan(Academy)
91%
Francesco Camarda Italy FW 2023 AC Milan(Academy)
91%
Álvaro Morata Spain FW 2024 Atlético Madrid
91%
Pervis Estupiñán Ecuador DF 2025 Brighton & Hove Albion
91%
Santiago Giménez Mexico FW 2025 Feyenoord
91%
Mike Maignan France GK 2021 Lille
91%
Kevin Zeroli Italy MF 2023 AC Milan(Academy)
88%
Lorenzo Colombo Italy FW 2020 AC Milan(Academy)
88%
Rafael Leão Portugal FW 2019 Lille
88%
Samuele Ricci Italy MF 2025 Torino
88%
Samuel Chukwueze Nigeria FW 2023 Villarreal
88%
Lorenzo Torriani Italy GK 2024 AC Milan(Academy)
84%
Tommaso Pobega Italy MF 2018 AC Milan(Academy)
84%
Davide Bartesaghi Italy DF 2023 AC Milan
81%
Vittorio Magni Italy DF 2025 AC Milan(Academy)
81%
Pietro Terracciano Italy GK 2025 Fiorentina
81%
Koni De Winter Belgium DF 2025 Genoa
81%
Christian Comotto Italy MF 2025 AC Milan(Academy)
78%
Ardon Jashari Switzerland MF 2025 Club Brugge
78%
Strahinja Pavlović Serbia DF 2024 RB Salzburg
78%
Andrei Coubiș Romania DF 2022 AC Milan(Academy)
72%
Youssouf Fofana France MF 2024 AS Monaco
72%
Ismaël Bennacer Algeria MF 2019 Empoli
69%
Álex Jiménez Spain DF 2023/2024 Real Madrid Castilla
69%
Yunus Musah USA MF 2023 Valencia
69%
Alexis Saelemaekers Belgium FW 2020 Anderlecht
63%
Zachary Athekame Swizterland DF 2025 BSC Young Boys
63%
Warren Bondo France MF 2025 AC Monza
59%
Filippo Terracciano Italy DF 2024 Hellas Verona
59%
David Odogu Germany DF 2025 VfL Wolfsburg
59%
No matching quizzes found
Score Distribution
Percent of People with Each Score
Percentile by Number Answered
Your Score History
You have not taken this quiz